000 00649nam a2200217Ia 4500
005 20240127141456.0
008 131103s9999 xx 000 0 und d
040 _aLoreto College
041 _aEnglish
082 _a342.954
_bAUS
100 _aAustin, Granville
245 4 _aThe Indian constitution
_bCornerstone of a nation
_cGranville Austin
260 _aBombay
_bOxford University Press
_c1972
300 _avii,390p.
504 _aIncludes bibliographical references and index
630 _aIndian Constitution
650 _aConstitution
_zIndia
651 _aConstitutional and Administrative Law
850 _aLCLIB
942 _cBK
999 _c10156
_d60635